1542 1917 1526 1819 1180 1608 1126 1622 1150 1436 1224 1538 1135 1428 1942 1031 1343 1813 1005 1801 1643 1302 1726 1864 1303 1291 1921 1530 1954 1435 1774 1378 1413 1987 1823 1606 1195 1234 1833 1798 1397 1662 1919 1374 1150 1767 1274 1041 1336 1107 1816 1624 1622 1933 1957 1589 1820 1672 1444 1610 1855 1519 1522 1817 1589 1016 1638 1416 1499 1714 1080 1809 1554 1638 1525 1592 1624 1508 1672 1003 1250 1666 1661 1147 1431 1614 1164 1411 1903 1716 1296 1808 1419 1066 1642 1351 1089 1780 1098 BCNSPRNW ULIB Ver.6.0+V

เปลี่ยนเป็นภาษาไทย

Change to English
 แสดงรายละเอียดบรรณานุกรม
  กลับหน้าหลัก

Brief Record : Get Marc (ISO 2709) : E-mail record : QR code < ปิดหน้าต่าง
LEADER : 00000nam 2200000uu 4500
001    13399119956
003     ULIB
008    020711s2551 th a 000 0 tha d
020    9789740423409
090    นว.^bล266พ
100    ลานไพลิน
245    พยับเมฆ ลายหมอก/^cลานไพลิน
260    กรุงเทพฯ :^bสถาพรบุ๊คส์,^c2551
945    ^p180^l0^i15039
999    ^aทศพร เกษรทอง
รายการนี้ยังไม่มีแท็ก
คุณยังไม่ได้ล็อกอิน คุณสามารถมีกิจกรรมร่วมกับเว็บไซต์ได้ แต่ต้องล็อกอินก่อน ::
  ล็อกอิน

รายการสื่อสารสนเทศ

ลำดับที่ ประเภท เลขเรียก/บาร์โค้ด สถานที่ สถานะ
1. นวนิยาย
นวนิยาย
นว. ล266พ ฉ.1 
  Barcode: 15039
ห้องสมุดวิทยาเขตสวรรค์ประชารักษ์
►นวนิยาย
บนชั้น
  ขอยืม

BibComment


ยังไม่เคยถูกคอมเมนท์

คอมเมนท์ทรัพยากรรายการนี้
  คอมเมนท์: พยับเมฆ ลายหมอก ล..


 Copyright 2026. Bcnsprnw @Library